Ekologicko-ekonomické kontrasty některé problémy ekologie životního prostředí ve vybrané oblasti

Salvato in:
Dettagli Bibliografici
Autore principale: Polách, Jiří
Natura: Libro
Lingua:ceco
Pubblicazione: Praha Horizont 1985
Tags: Aggiungi Tag
Nessun Tag, puoi essere il primo ad aggiungerne!!

MARC

LEADER 00000nam a2200000 4500
001 c104321
005 20111012081544.5
041 0 |a cze 
044 |a CZ 
245 1 0 |a Ekologicko-ekonomické kontrasty  |b některé problémy ekologie životního prostředí ve vybrané oblasti  |c Jiří Polách 
264 1 |a Praha  |b Horizont  |c 1985 
300 |a 100 s. 
100 1 |a Polách, Jiří